Hrajeme si s Filipem : zábavná cvičení pro děti od 4 do 7 let. 10, Uvažujeme a dokreslujeme / [ilustrace Angelika Penner ; z německého originálu ... přeložila Hana Vaňková]
Record details
- ISBN: 80-7367-111-5
- Physical Description: [40] l. : il. ; 15 x 21 cm
- Edition: Vyd. 1.
- Publisher: Praha : Portál, 2006
Content descriptions
| General Note: | Název z obálky |
Search for related items by subject
| Subject: | předškolní výchova rozvoj myšlení preschool education development of thought |
| Genre: | pracovní sešity publikace pro děti activity books children's literature |
Available copies
- 1 of 1 copy available at Common Catalog SPOK.
Holds
- 0 current holds with 1 total copy.
Show Only Available Copies
| Location | Call Number / Copy Notes | Barcode | Shelving Location | Status | Due Date |
|---|---|---|---|---|---|
| Jabok Library | Ped-3.5.1.2/P | 424480020461 | Odborná literatura | Available | - |
| LDR | 01688cam a2200445 a 4500 | ||
|---|---|---|---|
| 001 | 17721 | ||
| 003 | CZ-PrJAB | ||
| 005 | 20200328092225.0 | ||
| 007 | ta | ||
| 008 | 060405s2006 xr a a 000 0 cze d | ||
| 015 | . | ‡acnb001633125 | |
| 020 | . | ‡a80-7367-111-5 ‡q(blok s vytrhávacími listy) : ‡cKč 99,00 | |
| 035 | . | ‡a(CZ PrNK)nkc20051633125 | |
| 035 | . | ‡a(OCoLC)85717325 | |
| 040 | . | ‡aKLG001 ‡bcze ‡dBOA001 ‡dABA001 | |
| 041 | 1 | . | ‡acze ‡hger |
| 072 | 7. | ‡a373.2/.3 ‡xPředškolní a primární výchova a vzdělávání ‡2Konspekt ‡922 | |
| 072 | 7. | ‡a0/9-053.2 ‡xLiteratura pro děti a mládež (naučná) ‡2Konspekt ‡926 | |
| 080 | . | ‡a373.2 ‡2MRF | |
| 080 | . | ‡a159.955 ‡2MRF | |
| 080 | . | ‡a(076.1) ‡2MRF | |
| 080 | . | ‡a(0.053.2) ‡2MRF | |
| 100 | 1 | . | ‡aPenner, Angelika ‡7mzk2005278238 ‡4ill |
| 245 | 1 | 0. | ‡aHrajeme si s Filipem : ‡bzábavná cvičení pro děti od 4 do 7 let. ‡n10, ‡pUvažujeme a dokreslujeme / ‡c[ilustrace Angelika Penner ; z německého originálu ... přeložila Hana Vaňková] |
| 246 | 3 | 0. | ‡aUvažujeme a dokreslujeme |
| 250 | . | ‡aVyd. 1. | |
| 260 | . | ‡aPraha : ‡bPortál, ‡c2006 | |
| 300 | . | ‡a[40] l. : ‡bil. ; ‡c15 x 21 cm | |
| 500 | . | ‡aNázev z obálky | |
| 650 | 0 | 7. | ‡apředškolní výchova ‡7ph124887 ‡2czenas |
| 650 | 0 | 7. | ‡arozvoj myšlení ‡7ph135316 ‡2czenas |
| 650 | 0 | 9. | ‡apreschool education ‡2eczenas |
| 650 | 0 | 9. | ‡adevelopment of thought ‡2eczenas |
| 655 | 7. | ‡apracovní sešity ‡7fd133116 ‡2czenas | |
| 655 | 7. | ‡apublikace pro děti ‡7fd133156 ‡2czenas | |
| 655 | 9. | ‡aactivity books ‡2eczenas | |
| 655 | 9. | ‡achildren's literature ‡2eczenas | |
| 765 | 0 | . | ‡tKindergartenspass mit Willi Wiesel, Zuordnen und Kombinieren ‡9Česky |
| 910 | . | ‡aABG312 | |
| 901 | . | ‡a17721 ‡bCZ-PrJAB ‡c17721 ‡tbiblio | |